Datum a čas kvízu
33.5
Celkem bodů
Celkový počet nahraných bodů na tomto kvízu bez doplňovacích otázek.
1.
Pořadí na kvízu
Konečné umístění týmu na tomto kvízu.
Zaznamenané odpovědi
| # | Otázka | Odpověď | Body | Výsledky |
|---|---|---|---|---|
| 1. | Ministr obrany Lubomír Metnar... | 0 | ||
| 2. | Italské letovisko, které je ob... | 1 | ||
| 3. | Rakouská společnost Koch Media... | 1 | ||
| 4. | Jak se jmenuje slavný hollywoo... | 0 | ||
| 5. | V průběhu loňského mistrovství... | 1 | ||
| 6. | Dlouhé názvy filmů byly v módě... | 1 | ||
| 5. | Francouzsko - španělská komedi... | 1 | ||
| 5. | V roce 1981 natočil režisér Mi... | 1 | ||
| 5. | Rodinná komedie, kde se objevi... | 0 | ||
| 5. | Volné pokračování úspěšné sati... | 1 |